<?xml version="1.0" encoding="UTF-8"?>
<record
    xmlns:xsi="http://www.w3.org/2001/XMLSchema-instance"
    xsi:schemaLocation="http://www.loc.gov/MARC21/slim http://www.loc.gov/standards/marcxml/schema/MARC21slim.xsd"
    xmlns="http://www.loc.gov/MARC21/slim">

  <leader>00529nam a22001697a 4500</leader>
  <controlfield tag="005">20260318113145.0</controlfield>
  <controlfield tag="008">260318b        |||||||| |||| 00| 0 eng d</controlfield>
  <datafield tag="020" ind1=" " ind2=" ">
    <subfield code="a">978-93-5025-363-2</subfield>
  </datafield>
  <datafield tag="050" ind1=" " ind2=" ">
    <subfield code="a">RC 71.H57 2011</subfield>
  </datafield>
  <datafield tag="100" ind1=" " ind2=" ">
    <subfield code="a">HIRA SINGH HARMANJIT</subfield>
  </datafield>
  <datafield tag="245" ind1=" " ind2=" ">
    <subfield code="a">CLINICAL EXAMINATION;A PRACTICAL GUIDE IN MEDICINE</subfield>
  </datafield>
  <datafield tag="260" ind1=" " ind2=" ">
    <subfield code="a">NEW DELHI</subfield>
    <subfield code="b">JAYPEE BROTHERS MEDICAL PUBLISHERS</subfield>
    <subfield code="c">2011</subfield>
  </datafield>
  <datafield tag="300" ind1=" " ind2=" ">
    <subfield code="a">X,515</subfield>
  </datafield>
  <datafield tag="500" ind1=" " ind2=" ">
    <subfield code="a">INCLUDES AN INDEX</subfield>
  </datafield>
  <datafield tag="700" ind1=" " ind2=" ">
    <subfield code="a">Physical diagnosis textbooks-clinical medicine textbooks</subfield>
  </datafield>
  <datafield tag="942" ind1=" " ind2=" ">
    <subfield code="2">lcc</subfield>
    <subfield code="c">BK</subfield>
  </datafield>
  <datafield tag="999" ind1=" " ind2=" ">
    <subfield code="c">216842</subfield>
    <subfield code="d">216842</subfield>
  </datafield>
  <datafield tag="952" ind1=" " ind2=" ">
    <subfield code="0">0</subfield>
    <subfield code="1">0</subfield>
    <subfield code="2">lcc</subfield>
    <subfield code="4">0</subfield>
    <subfield code="6">RC0071 H57  02011</subfield>
    <subfield code="7">0</subfield>
    <subfield code="8">MED</subfield>
    <subfield code="9">376354</subfield>
    <subfield code="a">KSUL</subfield>
    <subfield code="b">KSUL</subfield>
    <subfield code="c">DISPLAY</subfield>
    <subfield code="d">2026-03-18</subfield>
    <subfield code="i">112458</subfield>
    <subfield code="l">0</subfield>
    <subfield code="o">RC 71.H57 2011</subfield>
    <subfield code="p">A000134</subfield>
    <subfield code="r">2026-03-18 11:32:00</subfield>
    <subfield code="t">C.3</subfield>
    <subfield code="w">2026-03-18</subfield>
    <subfield code="y">BK</subfield>
  </datafield>
  <datafield tag="952" ind1=" " ind2=" ">
    <subfield code="0">0</subfield>
    <subfield code="1">0</subfield>
    <subfield code="2">lcc</subfield>
    <subfield code="4">0</subfield>
    <subfield code="6">RC0071 H57  02011</subfield>
    <subfield code="7">0</subfield>
    <subfield code="8">MED</subfield>
    <subfield code="9">376355</subfield>
    <subfield code="a">KSUL</subfield>
    <subfield code="b">KSUL</subfield>
    <subfield code="c">DISPLAY</subfield>
    <subfield code="d">2026-03-18</subfield>
    <subfield code="i">112457</subfield>
    <subfield code="l">0</subfield>
    <subfield code="o">RC 71.H57 2011</subfield>
    <subfield code="p">A000131</subfield>
    <subfield code="r">2026-03-18 11:32:00</subfield>
    <subfield code="t">C.2</subfield>
    <subfield code="w">2026-03-18</subfield>
    <subfield code="y">BK</subfield>
  </datafield>
  <datafield tag="952" ind1=" " ind2=" ">
    <subfield code="0">0</subfield>
    <subfield code="1">0</subfield>
    <subfield code="2">lcc</subfield>
    <subfield code="4">0</subfield>
    <subfield code="6">RC0071 H57  02011</subfield>
    <subfield code="7">0</subfield>
    <subfield code="8">MED</subfield>
    <subfield code="9">376356</subfield>
    <subfield code="a">KSUL</subfield>
    <subfield code="b">KSUL</subfield>
    <subfield code="c">DISPLAY</subfield>
    <subfield code="d">2026-03-18</subfield>
    <subfield code="i">112456</subfield>
    <subfield code="l">0</subfield>
    <subfield code="o">RC 71.H57 2011</subfield>
    <subfield code="p">A000132</subfield>
    <subfield code="r">2026-03-18 11:32:00</subfield>
    <subfield code="t">C.1</subfield>
    <subfield code="w">2026-03-18</subfield>
    <subfield code="y">BK</subfield>
  </datafield>
  <datafield tag="952" ind1=" " ind2=" ">
    <subfield code="0">0</subfield>
    <subfield code="1">0</subfield>
    <subfield code="2">lcc</subfield>
    <subfield code="4">0</subfield>
    <subfield code="6">RC0071 H57  02011</subfield>
    <subfield code="7">0</subfield>
    <subfield code="8">MED</subfield>
    <subfield code="9">377045</subfield>
    <subfield code="a">KSUL</subfield>
    <subfield code="b">KSUL</subfield>
    <subfield code="c">DISPLAY</subfield>
    <subfield code="d">2026-04-20</subfield>
    <subfield code="i">112969</subfield>
    <subfield code="l">0</subfield>
    <subfield code="o">RC 71 .H57 2011</subfield>
    <subfield code="p">a001866</subfield>
    <subfield code="r">2026-04-20 09:33:07</subfield>
    <subfield code="t">4</subfield>
    <subfield code="w">2026-04-20</subfield>
    <subfield code="y">BK</subfield>
  </datafield>
</record>
